| 000 | 00761nam a22001817a 4500 | ||
|---|---|---|---|
| 005 | 20240214102119.0 | ||
| 010 | _aHIN-126869 | ||
| 020 |
_a9789392186691 _c495.00 |
||
| 035 | _aHN-99215 | ||
| 037 | _bDBAD/PUB | ||
| 082 | _aक | ||
| 100 |
_aपाठक,सविता _962039 |
||
| 245 |
_aहिस्टीरिया/ _cसविता पाठक |
||
| 260 |
_aप्रयागराज _bलोकभारती प्रकाशन _c2022 |
||
| 270 |
_bप्रयागराज _aपहली मंजिल , दरबारी बिल्डिंग , महात्मा गांधी मार्ग _e211001 |
||
| 300 |
_a149 पृष्ट; _c21 सेमी (सजिल्द) |
||
| 942 |
_2ddc _cHN _hक _mपाठक _e1 |
||
| 999 |
_c200706 _d200706 |
||